Normal view
MARC view
- Jain, Vidhi
Entry Personal Name
001 - CONTROL NUMBER
- control field: 6758
003 - CONTROL NUMBER IDENTIFIER
- control field: OSt
005 - DATE AND TIME OF LATEST TRANSACTION
- control field: 20180529151206.0
008 - FIXED-LENGTH DATA ELEMENTS
- fixed length control field: 180529|| aca||aabn | a|a d
040 ## - CATALOGING SOURCE
- Original cataloging agency: OSt
- Transcribing agency: OSt
100 ## - HEADING--PERSONAL NAME
- Personal name: Jain, Vidhi
670 ## - SOURCE DATA FOUND
- Source citation: Work cat.: (OSt): Jain, Vidhi, The Delhi school education Act, 1973, 2017